| 000 | 00752pam a2200241 a 4500 | ||
|---|---|---|---|
| 001 | 3977393 | ||
| 005 | 20171211095948.0 | ||
| 008 | 950111s1995 moua b 001 0 eng c | ||
| 010 | _a 95003210 | ||
| 020 | _a0801679265 | ||
| 040 |
_aDNLM/DLC _cDLC _dDLC |
||
| 041 | _aeng | ||
| 060 | 0 | 0 | _aWG 166 C265 1995 |
| 080 | _a615.83 IRW | ||
| 082 | 0 | 0 |
_a615.83 IRW _220 |
| 100 | _a8 | ||
| 101 | _aEGZ | ||
| 245 | 0 | 0 |
_aCardiopulmonary physical therapy / _cedited by Scot Irwin, Jan Stephen Tecklin. |
| 504 | _aIncludes bibliographical references and index. | ||
| 906 |
_a7 _bcbc _corignew _d1 _eocip _f19 _gy-gencatlg |
||
| 942 |
_2ddc _cBK |
||
| 999 |
_c38869 _d38869 |
||